000 00302pam a2200121 a 4500
020 _c
041 _h
082 _a4.0000000000000001E-2
_bMIC
100 _aMicrosoft
245 _aMicrosoft Encarta -2005 Encyclopedia Standard
_hTextual Documents
260 _aMumbai
_bMaharashtra State
930 _a77
999 _c106910
_d106910